| 000 | 00680nam a2200193 a 4500 | ||
|---|---|---|---|
| 008 | 120416s1978 ||||||||||||||||| || u | ||
| 020 | _a0904406806 | ||
| 050 | _aTH 6025 Amb | ||
| 100 | _aRandell, J. E | ||
| 245 | 1 | 0 |
_aAmbient energy and building design _cedited by J. E. Randell |
| 260 |
_aLondon _bThe construction Press _c1978 |
||
| 300 | _a166p. : ill. | ||
| 350 | _a0.00 | ||
| 650 | _aBUILDINGS--POWER SUPPLY | ||
| 650 | _aBUILDINGS--ENVIRONMENTAL ENGINEERING | ||
| 650 | _aWIND POWER | ||
| 650 | _aSOLAR ENERGY | ||
| 995 |
_D0.00 _FCBU-MAIN LIBRARY (Kitwe) _H1 _I0.00 _UAVAILABLE _ZMain Library Open Access Collection |
||
| 999 |
_c34133 _d34133 |
||